000 00432nam a2200181Ia 4500
005 20240913125448.0
008 240913s9999||||xx |||||||||||||| ||und||
041 _aENGLISH
082 _A629.045
100 _aFernald,Dodge L
245 0 _aAdvanced Electronic Navigation
250 _a1st
260 _bPro Navigation
_aBombay
500 _aREFERENCE
650 _aNavigation
_bElectronics
942 _cREF
999 _c245596
_d245596